000 03663cam a22004337i 4500
001 22684908
003 GBCCL
005 20251202114516.0
008 220707s2020 miua b 001 0 eng d
020 _a9780310109174
_q(hardcover)
020 _a0310109175
_q(hardcover)
035 _a22684908
035 _a(OCoLC)1152424917
040 _aYDX
_beng
_cYDX
_erda
_dVCB
_dIHT
_dOCLCF
_dOCLCO
_dYDXIT
_dHF9
_dOCLCO
_dOCLCQ
_dOCLCO
_dDLC
082 0 4 _a220.601
_223
_bDUV 1
100 1 _aDuvall, J. Scott,
_eauthor.
245 1 0 _aGrasping God's word :
_ba hands-on approach to reading, interpreting, and applying the Bible /
_cJ. Scott Duvall, J. Daniel Hays ; forewords by Mark L. Strauss and Kevin J. Vanhoozer.
250 _aFourth edition.
264 1 _aGrand Rapids, Michigan :
_bZondervan Academic,
_c[2020]
300 _axix, 562 pages :
_billustrations ;
_c24 cm
336 _atext
_btxt
_2rdacontent
337 _aunmediated
_bn
_2rdamedia
338 _avolume
_bnc
_2rdacarrier
504 _aIncludes bibliographical references and indexes.
505 0 _aPart 1. How to read the book: basic tools -- Bible translation -- The interpretive journey -- How to read the book: sentences -- How to read the book: paragraphs -- How to read the book: discourses -- Part 2. Contexts: now and then -- The historical-cultural context -- What do we bring to the text? -- The literary context -- Word studies -- Part 3. Meaning and application -- Who controls the meaning? -- Levels of meaning -- The role of the Holy Spirit -- Application -- Part 4. The interpretive journey: New Testament -- New Testament: letters -- New Testament: gospels -- New Testament: Acts -- New Testament: Revelation -- Part 5. The interpretive journey: Old Testament -- Old Testament: narrative -- Old Testament: law -- Old Testament: poetry -- Old Testament: prophets -- Old Testament: wisdom -- Appendix 1: Inspiration and canon -- Appendix 2: Writing an exegetical paper -- Appendix 3: Building a personal library.
520 _aGrasping God's Word has proven itself in classrooms across the country as an invaluable help to students who want to learn how to read, interpret, and apply the Bible for themselves. This book will equip you with a five-step Interpretive Journey that will help you make sense of any passage in the Bible. It will also guide you through all the different genres found in the Bible to help you learn the specifics of how to best approach each one. Filling the gap between approaches that are too simple and others that are too technical, this book starts by equipping readers with general principles of interpretation, then moves on to apply those principles to specific genres and contexts. -- Provided by publisher.
520 _aAn indispensable approach to reading, interpreting and applying the Bible that teaches students how to carefully read Scripture in the biblical context, and to dig deeper into the Word of God so they will be able to understand the Bible correctly and apply its meaning to their lives. Revised and updated fourth edition. --
_cPublisher's description.
630 0 0 _aBible
_xHermeneutics
_vTextbooks.
630 0 7 _aBible.
_2fast
_0(OCoLC)fst01356024
650 0 _aHermeneutics
_xStudy and teaching.
650 6 _aHerméneutique
_xÉtude et enseignement.
650 7 _aHermeneutics.
_2fast
_0(OCoLC)fst00955492
650 7 _aHermeneutics
_xStudy and teaching.
_2fast
_0(OCoLC)fst00955509
655 7 _aTextbooks.
_2fast
_0(OCoLC)fst01423863
700 1 _aHays, J. Daniel,
_d1953-
_eauthor.
906 _a7
_bcbc
_ccopycat
_d2
_encip
_f20
_gy-gencatlg
942 _2ddc
_cBK
_n0
999 _c11080
_d11080